000 00549nam a22001937a 4500
003 OSt
005 20180116183050.0
008 160809b xxu||||| |||| 00| 0 eng d
020 _a0205106129
040 _c0
082 _a519.54 BIL 1986
100 _aPatrick Billingsley
245 _aStatistical Inference For Management and Economics
_cPatrick Billingsley
250 _a3rd edition
260 _aUSA
_bAllyn and Bacon,Inc
_c1986
300 _a746 p.
_bPB
440 _aStatistical Inference for Management and Economics
942 _2ddc
_cBK
999 _c351583
_d351583